[Event "European Women's Championship"]
[Site "Vysoke Tatry"]
[Date "2018.04.17"]
[Round "9"]
[White "Koubova, Anna Marie"]
[Black "Kaliadzich, Maryia"]
[Result "1-0"]
[Board "66"]
[WhiteElo "1819"]
[WhiteCountry "CZE"]
[WhiteFideId "381470"]
[WhiteEloChange "16"]
[BlackElo "2078"]
[BlackCountry "BLR"]
[BlackFideId "13500015"]
[BlackEloChange "-16"]

1. d4 {[%clk 1:30:57]} d5 {[%clk 1:30:49]} 2. c4 {[%clk 1:31:19]} e6 {[%clk
1:30:16]} 3. Nc3 {[%clk 1:31:34]} Nf6 {[%clk 1:30:29]} 4. cxd5 {[%clk 1:31:52]}
exd5 {[%clk 1:30:47]} 5. Bg5 {[%clk 1:32:11]} c6 {[%clk 1:30:21]} 6. Qc2 {[%clk
1:32:23]} Nbd7 {[%clk 1:23:37]} 7. e3 {[%clk 1:32:24]} Bd6 {[%clk 1:20:22]} 8.
Bd3 {[%clk 1:32:10]} h6 {[%clk 1:18:40]} 9. Bh4 {[%clk 1:32:18]} O-O {[%clk
1:17:10]} 10. Nf3 {[%clk 1:29:39]} Re8 {[%clk 1:12:17]} 11. O-O {[%clk 1:28:35]}
Qc7 {[%clk 1:05:40]} 12. Rfc1 {[%clk 1:26:23]} a6 {[%clk 1:05:41]} 13. Rab1
{[%clk 1:19:28]} Ng4 {[%clk 0:48:36]} 14. Nxd5 {[%clk 1:08:38]} Bxh2+ {[%clk
0:48:48]} 15. Kh1 {[%clk 1:08:11]} Qa5 {[%clk 0:48:18]} 16. Ne7+ {[%clk 0:55:10]}
Kh8 {[%clk 0:25:39]} 17. Bf5 {[%clk 0:48:30]} Ndf6 {[%clk 0:11:38]} 18. Nxc8
{[%clk 0:45:20]} Bc7 {[%clk 0:10:38]} 19. Bxf6 {[%clk 0:26:23]} Nxf6 {[%clk
0:11:00]} 20. Qc5 {[%clk 0:26:20]} Qxc5 {[%clk 0:08:47]} 21. dxc5 {[%clk
0:26:00]} g6 {[%clk 0:08:08]} 22. Bh3 {[%clk 0:26:05]} Ne4 {[%clk 0:04:24]} 23.
Kg1 {[%clk 0:26:01]} Raxc8 {[%clk 0:04:09]} 24. Bxc8 {[%clk 0:25:53]} Rxc8 {[%clk
0:04:37]} 25. Rc4 {[%clk 0:24:50]} Re8 {[%clk 0:03:57]} 26. Rd1 {[%clk 0:24:32]}
Re7 {[%clk 0:04:20]} 27. Nd2 {[%clk 0:17:46]} Nf6 {[%clk 0:03:26]} 28. Rd4 {[%clk
0:17:32]} Nd5 {[%clk 0:03:07]} 29. Nc4 {[%clk 0:17:06]} f5 {[%clk 0:03:22]} 30.
a3 {[%clk 0:15:11]} Kg7 {[%clk 0:03:34]} 31. f3 {[%clk 0:12:59]} Kf8 {[%clk
0:01:36]} 32. Kf2 {[%clk 0:07:50]} h5 {[%clk 0:01:21]} 33. e4 {[%clk 0:06:50]}
Nf6 {[%clk 0:01:11]} 34. exf5 {[%clk 0:02:56]} gxf5 {[%clk 0:01:40]} 35. Nd6
{[%clk 0:03:06]} b6 {[%clk 0:01:01]} 36. Nxf5 {[%clk 0:00:58]} Re5 {[%clk
0:01:08]} 37. Ne3 {[%clk 0:01:11]} Rxc5 {[%clk 0:01:22]} 38. Rc4 {[%clk 0:01:12]}
Rb5 {[%clk 0:00:41]} 39. Rxc6 {[%clk 0:00:36]} Rxb2+ {[%clk 0:00:51]} 40. Kf1
{[%clk 0:30:41]} Ne8 {[%clk 0:30:38]} 41. Nc4 {[%clk 0:21:14]} Rc2 {[%clk
0:30:09]} 42. Ne5 {[%clk 0:20:23]} Rb2 {[%clk 0:27:27]} 43. Ng6+ {[%clk 0:18:57]}
Kg8 {[%clk 0:27:31]} 44. Re1 {[%clk 0:18:15]} Bg3 {[%clk 0:25:56]} 45. Rxe8+
{[%clk 0:16:14]} Kg7 {[%clk 0:26:23]} 46. Re7+ {[%clk 0:15:36]} Kh6 {[%clk
0:26:50]} 47. Nh4+ {[%clk 0:11:46]} Kg5 {[%clk 0:27:15]} 48. Rg6+ {[%clk
0:11:57]} 1-0

[Event "European Women's Championship"]
[Site "Vysoke Tatry"]
[Date "2018.04.17"]
[Round "9"]
[White "Makka, Ioulia"]
[Black "Palma, Maria"]
[Result "1-0"]
[Board "67"]
[WhiteElo "2076"]
[WhiteTitle "WIM"]
[WhiteCountry "GRE"]
[WhiteFideId "4205316"]
[WhiteEloChange "10"]
[BlackElo "2060"]
[BlackTitle "WFM"]
[BlackCountry "ITA"]
[BlackFideId "898481"]
[BlackEloChange "-10"]

1. e4 {[%clk 1:30:57]} c5 {[%clk 1:30:54]} 2. Nf3 {[%clk 1:31:13]} e6 {[%clk
1:31:13]} 3. Qe2 {[%clk 1:30:28]} Nc6 {[%clk 1:30:34]} 4. g3 {[%clk 1:30:32]} e5
{[%clk 1:29:45]} 5. c3 {[%clk 1:29:56]} Nf6 {[%clk 1:29:21]} 6. Bg2 {[%clk
1:29:37]} Be7 {[%clk 1:29:33]} 7. O-O {[%clk 1:28:41]} O-O {[%clk 1:29:23]} 8.
Rd1 {[%clk 1:24:34]} Qb6 {[%clk 1:12:49]} 9. Na3 {[%clk 1:22:52]} d6 {[%clk
1:09:56]} 10. b3 {[%clk 1:10:59]} Re8 {[%clk 1:05:57]} 11. h3 {[%clk 1:04:51]}
Bf8 {[%clk 1:04:20]} 12. Bb2 {[%clk 0:53:11]} h6 {[%clk 1:00:28]} 13. d3 {[%clk
0:41:29]} Bd7 {[%clk 0:52:42]} 14. Nd2 {[%clk 0:39:41]} a6 {[%clk 0:51:03]} 15.
Nc2 {[%clk 0:37:04]} Rad8 {[%clk 0:46:50]} 16. Ne3 {[%clk 0:31:59]} Be6 {[%clk
0:37:29]} 17. Nd5 {[%clk 0:26:49]} Bxd5 {[%clk 0:37:41]} 18. exd5 {[%clk
0:27:14]} Ne7 {[%clk 0:37:11]} 19. Nc4 {[%clk 0:26:18]} Qc7 {[%clk 0:36:38]} 20.
Ne3 {[%clk 0:26:25]} g6 {[%clk 0:35:53]} 21. Rf1 {[%clk 0:18:00]} Bg7 {[%clk
0:34:59]} 22. Kh2 {[%clk 0:12:09]} b5 {[%clk 0:32:28]} 23. Qd2 {[%clk 0:08:23]}
Nc8 {[%clk 0:29:51]} 24. c4 {[%clk 0:07:13]} Qb7 {[%clk 0:20:17]} 25. a4 {[%clk
0:05:40]} Nb6 {[%clk 0:17:00]} 26. g4 {[%clk 0:03:19]} Nbd7 {[%clk 0:15:51]} 27.
axb5 {[%clk 0:02:59]} axb5 {[%clk 0:15:57]} 28. Ra5 {[%clk 0:03:00]} b4 {[%clk
0:15:03]} 29. Rfa1 {[%clk 0:02:30]} Ra8 {[%clk 0:15:02]} 30. Qc1 {[%clk 0:02:16]}
Nb6 {[%clk 0:06:37]} 31. Nf1 {[%clk 0:01:54]} Nfd7 {[%clk 0:05:19]} 32. Ng3
{[%clk 0:02:03]} Rxa5 {[%clk 0:04:08]} 33. Rxa5 {[%clk 0:02:30]} Ra8 {[%clk
0:04:28]} 34. Qa1 {[%clk 0:00:43]} Rxa5 {[%clk 0:04:46]} 35. Qxa5 {[%clk
0:01:11]} Qa8 {[%clk 0:05:09]} 36. Qxa8+ {[%clk 0:01:23]} Nxa8 {[%clk 0:05:34]}
37. Ne4 {[%clk 0:01:11]} Bf8 {[%clk 0:05:59]} 38. g5 {[%clk 0:01:07]} hxg5 {[%clk
0:05:48]} 39. Nxg5 {[%clk 0:01:33]} Be7 {[%clk 0:05:43]} 40. h4 {[%clk 0:31:29]}
Nc7 {[%clk 0:32:15]} 41. Kg3 {[%clk 0:26:41]} f5 {[%clk 0:28:50]} 42. Bc1 {[%clk
0:20:19]} Nf8 {[%clk 0:25:06]} 43. f4 {[%clk 0:18:51]} Nd7 {[%clk 0:22:24]} 44.
Bf3 {[%clk 0:16:11]} exf4+ {[%clk 0:16:56]} 45. Bxf4 {[%clk 0:14:34]} Ne5 {[%clk
0:13:19]} 46. Be2 {[%clk 0:14:32]} Bf6 {[%clk 0:11:01]} 47. Kh3 {[%clk 0:12:33]}
Ne8 {[%clk 0:10:12]} 48. Ne6 {[%clk 0:11:38]} Ng7 {[%clk 0:09:23]} 49. Nc7 {[%clk
0:08:35]} Kf7 {[%clk 0:09:09]} 50. Nb5 {[%clk 0:08:16]} Ke7 {[%clk 0:08:47]} 51.
d4 {[%clk 0:07:46]} cxd4 {[%clk 0:08:29]} 52. Nxd4 {[%clk 0:08:00]} Kd7 {[%clk
0:08:36]} 53. Nc2 {[%clk 0:07:34]} Kc7 {[%clk 0:07:42]} 54. Nxb4 {[%clk 0:07:36]}
Kb6 {[%clk 0:06:57]} 55. Be3+ {[%clk 0:07:16]} Kb7 {[%clk 0:06:32]} 56. Nc2
{[%clk 0:06:11]} Ne8 {[%clk 0:06:30]} 57. Nd4 {[%clk 0:05:33]} Nd7 {[%clk
0:02:51]} 58. Ne6 {[%clk 0:04:55]} Nc7 {[%clk 0:02:10]} 59. Nxc7 {[%clk 0:03:15]}
Kxc7 {[%clk 0:02:34]} 60. Bd2 {[%clk 0:02:19]} Nc5 {[%clk 0:02:22]} 61. b4 {[%clk
0:01:04]} Ne4 {[%clk 0:02:17]} 62. Bf4 {[%clk 0:00:52]} Bc3 {[%clk 0:01:47]} 63.
b5 {[%clk 0:01:06]} Bd4 {[%clk 0:02:04]} 64. Bf3 {[%clk 0:01:01]} Nf2+ {[%clk
0:01:59]} 65. Kg2 {[%clk 0:01:12]} Nd3 {[%clk 0:02:10]} 66. Bd2 {[%clk 0:01:10]}
Kb6 {[%clk 0:01:31]} 67. Be2 {[%clk 0:01:03]} Nc5 {[%clk 0:00:56]} 68. Bb4 {[%clk
0:00:54]} Be5 {[%clk 0:01:05]} 69. Bd2 {[%clk 0:00:38]} Bd4 {[%clk 0:01:22]} 70.
Be1 {[%clk 0:00:46]} Ne4 {[%clk 0:01:12]} 71. Kf3 {[%clk 0:00:56]} Be5 {[%clk
0:01:03]} 72. Bd3 {[%clk 0:01:05]} Nc5 {[%clk 0:01:19]} 73. Bf2 {[%clk 0:01:05]}
Kc7 {[%clk 0:01:24]} 74. Bc2 {[%clk 0:01:06]} Nd7 {[%clk 0:01:24]} 75. h5 {[%clk
0:01:07]} gxh5 {[%clk 0:01:33]} 76. Bxf5 {[%clk 0:01:32]} Nb6 {[%clk 0:01:36]}
77. Bd3 {[%clk 0:01:33]} Nd7 {[%clk 0:01:47]} 78. Kg2 {[%clk 0:01:16]} Bf6 {[%clk
0:00:53]} 79. Kh3 {[%clk 0:01:15]} Nb6 {[%clk 0:00:58]} 80. Be2 {[%clk 0:01:03]}
Bg5 {[%clk 0:01:09]} 81. Bg3 {[%clk 0:01:01]} Bf6 {[%clk 0:01:18]} 82. c5 {[%clk
0:01:02]} Nxd5 {[%clk 0:01:01]} 83. Bxd6+ {[%clk 0:01:26]} Kd8 {[%clk 0:00:59]}
84. b6 {[%clk 0:01:06]} Kc8 {[%clk 0:00:45]} 85. Ba6+ {[%clk 0:01:17]} Kd7 {[%clk
0:00:50]} 86. b7 {[%clk 0:01:30]} 1-0

[Event "European Women's Championship"]
[Site "Vysoke Tatry"]
[Date "2018.04.17"]
[Round "9"]
[White "Milcova, Zuzana"]
[Black "Huda, Maryana"]
[Result "0-1"]
[Board "68"]
[WhiteElo "2033"]
[WhiteCountry "SVK"]
[WhiteFideId "14920026"]
[WhiteEloChange "-6"]
[BlackElo "2161"]
[BlackTitle "WGM"]
[BlackCountry "UKR"]
[BlackFideId "14116553"]
[BlackEloChange "6"]

1. d4 {[%clk 1:30:57]} Nf6 {[%clk 1:29:36]} 2. Nf3 {[%clk 1:31:16]} e6 {[%clk
1:29:53]} 3. g3 {[%clk 1:31:24]} b6 {[%clk 1:23:25]} 4. Bg2 {[%clk 1:31:30]} Bb7
{[%clk 1:23:51]} 5. O-O {[%clk 1:31:15]} d5 {[%clk 1:21:58]} 6. Nbd2 {[%clk
1:22:08]} Bd6 {[%clk 1:21:08]} 7. c4 {[%clk 1:20:54]} O-O {[%clk 1:19:14]} 8. b3
{[%clk 1:19:09]} Qe7 {[%clk 1:18:14]} 9. Bb2 {[%clk 1:18:37]} c5 {[%clk 1:15:17]}
10. e3 {[%clk 1:15:24]} Nc6 {[%clk 1:13:48]} 11. Ne5 {[%clk 1:09:51]} Rac8 {[%clk
1:05:43]} 12. f4 {[%clk 0:56:47]} Rfd8 {[%clk 1:04:43]} 13. Nxc6 {[%clk 0:50:37]}
Bxc6 {[%clk 1:05:04]} 14. Qe2 {[%clk 0:50:55]} cxd4 {[%clk 0:54:44]} 15. exd4
{[%clk 0:50:49]} Ba3 {[%clk 0:53:54]} 16. Bxa3 {[%clk 0:28:53]} Qxa3 {[%clk
0:54:18]} 17. f5 {[%clk 0:29:14]} exf5 {[%clk 0:51:45]} 18. Nf3 {[%clk 0:22:00]}
dxc4 {[%clk 0:50:59]} 19. bxc4 {[%clk 0:22:20]} Bxf3 {[%clk 0:45:16]} 20. Rxf3
{[%clk 0:22:45]} Qb4 {[%clk 0:45:36]} 21. Bf1 {[%clk 0:14:08]} Rxd4 {[%clk
0:43:21]} 22. Qe5 {[%clk 0:14:34]} Qc5 {[%clk 0:41:32]} 23. Re1 {[%clk 0:12:12]}
Rxc4+ {[%clk 0:31:07]} 24. Kh1 {[%clk 0:12:26]} Re4 {[%clk 0:27:04]} 25. Qa1
{[%clk 0:10:30]} Rxe1 {[%clk 0:26:11]} 26. Qxe1 {[%clk 0:10:58]} g6 {[%clk
0:20:43]} 27. h3 {[%clk 0:09:20]} h5 {[%clk 0:19:03]} 28. Qa1 {[%clk 0:09:07]}
Ne4 {[%clk 0:14:33]} 29. Bg2 {[%clk 0:07:06]} Qc1+ {[%clk 0:14:04]} 30. Qxc1
{[%clk 0:07:32]} Rxc1+ {[%clk 0:14:31]} 31. Kh2 {[%clk 0:07:59]} Rc3 {[%clk
0:14:00]} 32. Rf4 {[%clk 0:06:43]} Nxg3 {[%clk 0:13:35]} 33. Ra4 {[%clk 0:06:55]}
a5 {[%clk 0:13:48]} 34. Rd4 {[%clk 0:07:01]} Ne4 {[%clk 0:13:12]} 35. Rd8+ {[%clk
0:06:39]} Kg7 {[%clk 0:13:36]} 36. Rb8 {[%clk 0:07:02]} Ra3 {[%clk 0:09:26]} 37.
Rxb6 {[%clk 0:07:20]} Rxa2 {[%clk 0:09:51]} 38. Ra6 {[%clk 0:07:32]} h4 {[%clk
0:09:33]} 39. Kg1 {[%clk 0:07:51]} Ra1+ {[%clk 0:09:40]} 40. Kh2 {[%clk 0:38:12]}
a4 {[%clk 0:38:51]} 41. Ra7 {[%clk 0:32:04]} a3 {[%clk 0:38:55]} 42. Bf3 {[%clk
0:32:17]} a2 {[%clk 0:38:03]} 43. Be2 {[%clk 0:32:11]} Re1 {[%clk 0:38:09]} 44.
Rxa2 {[%clk 0:31:03]} Nc3 {[%clk 0:38:32]} 45. Ra7 {[%clk 0:31:26]} Rxe2+ {[%clk
0:38:50]} 46. Kg1 {[%clk 0:31:42]} Ne4 {[%clk 0:39:01]} 47. Kh1 {[%clk 0:31:27]}
f4 {[%clk 0:38:23]} 48. Ra3 {[%clk 0:30:26]} Re3 {[%clk 0:37:53]} 49. Ra7 {[%clk
0:30:46]} f3 {[%clk 0:37:32]} 50. Kh2 {[%clk 0:29:37]} Re2+ {[%clk 0:37:33]} 51.
Kg1 {[%clk 0:29:05]} f2+ {[%clk 0:37:46]} 52. Kg2 {[%clk 0:29:25]} Ng3 {[%clk
0:37:34]} 0-1

[Event "European Women's Championship"]
[Site "Vysoke Tatry"]
[Date "2018.04.17"]
[Round "9"]
[White "Chan, Naruna"]
[Black "Hereklioglu, Sude"]
[Result "0-1"]
[Board "69"]
[WhiteElo "1909"]
[WhiteCountry "RUS"]
[WhiteFideId "24124290"]
[WhiteEloChange "-5"]
[BlackElo "2123"]
[BlackTitle "WFM"]
[BlackCountry "TUR"]
[BlackFideId "6359531"]
[BlackEloChange "5"]

1. e4 {[%clk 1:30:58]} c5 {[%clk 1:30:55]} 2. Nf3 {[%clk 1:31:23]} Nc6 {[%clk
1:31:11]} 3. d4 {[%clk 1:24:49]} cxd4 {[%clk 1:31:09]} 4. Nxd4 {[%clk 1:25:17]}
Nf6 {[%clk 1:31:14]} 5. Nc3 {[%clk 1:23:50]} e5 {[%clk 1:29:13]} 6. Ndb5 {[%clk
1:20:57]} d6 {[%clk 1:28:21]} 7. Bd3 {[%clk 1:05:50]} a6 {[%clk 1:26:19]} 8. Na3
{[%clk 1:06:15]} b5 {[%clk 1:26:08]} 9. Nd5 {[%clk 1:04:19]} Nxd5 {[%clk
1:25:33]} 10. exd5 {[%clk 1:04:48]} Ne7 {[%clk 1:25:42]} 11. O-O {[%clk 1:03:30]}
g6 {[%clk 1:21:41]} 12. c4 {[%clk 1:03:28]} bxc4 {[%clk 1:21:17]} 13. Nxc4 {[%clk
1:02:40]} f5 {[%clk 1:15:06]} 14. f3 {[%clk 0:46:43]} Bb7 {[%clk 1:13:11]} 15.
Qa4+ {[%clk 0:45:44]} Kf7 {[%clk 1:13:07]} 16. Qb4 {[%clk 0:41:21]} Bxd5 {[%clk
1:10:11]} 17. Nxd6+ {[%clk 0:40:00]} Ke6 {[%clk 1:03:52]} 18. Nc4 {[%clk
0:36:15]} Nc6 {[%clk 1:01:44]} 19. Qe1 {[%clk 0:32:34]} Qc7 {[%clk 0:51:16]} 20.
Be3 {[%clk 0:23:40]} Nb4 {[%clk 0:50:18]} 21. Nb6 {[%clk 0:15:23]} Nxd3 {[%clk
0:41:33]} 22. Nxd5 {[%clk 0:13:50]} Qc6 {[%clk 0:40:19]} 23. Qc3 {[%clk 0:04:26]}
Qxd5 {[%clk 0:40:18]} 24. Rad1 {[%clk 0:04:25]} Rd8 {[%clk 0:40:30]} 25. a3
{[%clk 0:01:37]} f4 {[%clk 0:31:48]} 26. Bf2 {[%clk 0:01:52]} Bc5 {[%clk
0:31:56]} 27. b4 {[%clk 0:00:48]} Be3 {[%clk 0:31:08]} 28. Qc2 {[%clk 0:00:40]}
Qd4 {[%clk 0:29:13]} 29. Qa2+ {[%clk 0:00:42]} Kf6 {[%clk 0:29:32]} 30. Qe2
{[%clk 0:00:39]} Bxf2+ {[%clk 0:29:42]} 0-1

[Event "European Women's Championship"]
[Site "Vysoke Tatry"]
[Date "2018.04.17"]
[Round "9"]
[White "Azimova, Karina"]
[Black "Koloditsova, Renata"]
[Result "1/2-1/2"]
[Board "70"]
[WhiteElo "2069"]
[WhiteTitle "WFM"]
[WhiteCountry "RUS"]
[WhiteFideId "4108310"]
[WhiteEloChange "-3"]
[BlackElo "1978"]
[BlackCountry "SVK"]
[BlackFideId "14927705"]
[BlackEloChange "3"]

1. e4 {[%clk 1:30:58]} c6 {[%clk 1:30:45]} 2. d4 {[%clk 1:31:20]} d5 {[%clk
1:31:00]} 3. exd5 {[%clk 1:31:47]} cxd5 {[%clk 1:31:14]} 4. Bd3 {[%clk 1:32:14]}
Nc6 {[%clk 1:31:23]} 5. c3 {[%clk 1:32:41]} Nf6 {[%clk 1:31:30]} 6. h3 {[%clk
1:33:02]} e5 {[%clk 1:31:35]} 7. dxe5 {[%clk 1:32:34]} Nxe5 {[%clk 1:31:46]} 8.
Nf3 {[%clk 1:33:02]} Nxd3+ {[%clk 1:31:20]} 9. Qxd3 {[%clk 1:33:30]} Bd6 {[%clk
1:31:10]} 10. O-O {[%clk 1:29:13]} O-O {[%clk 1:31:20]} 11. Bg5 {[%clk 1:24:08]}
h6 {[%clk 1:31:28]} 12. Bxf6 {[%clk 1:19:44]} Qxf6 {[%clk 1:31:47]} 13. Qxd5
{[%clk 1:18:54]} Rd8 {[%clk 1:31:57]} 14. Qh5 {[%clk 1:10:09]} b5 {[%clk
1:32:06]} 15. Nbd2 {[%clk 1:08:12]} Bb7 {[%clk 1:30:41]} 16. Rfe1 {[%clk
1:02:21]} g6 {[%clk 1:26:12]} 17. Qxb5 {[%clk 0:59:32]} Rab8 {[%clk 1:23:09]} 18.
Qa4 {[%clk 0:56:22]} Bxf3 {[%clk 1:18:47]} 19. Nxf3 {[%clk 0:56:14]} Rxb2 {[%clk
1:17:37]} 20. Qxa7 {[%clk 0:53:33]} Qxc3 {[%clk 0:52:27]} 21. Rac1 {[%clk
0:47:38]} Qa3 {[%clk 0:41:35]} 22. Qxa3 {[%clk 0:32:46]} Bxa3 {[%clk 0:42:00]}
23. Ra1 {[%clk 0:29:43]} Bc5 {[%clk 0:38:02]} 24. Rf1 {[%clk 0:29:30]} Re8 {[%clk
0:37:05]} 25. Ne1 {[%clk 0:11:06]} Rd8 {[%clk 0:29:11]} 26. Nf3 {[%clk 0:11:25]}
Re8 {[%clk 0:29:25]} 1/2-1/2

[Event "European Women's Championship"]
[Site "Vysoke Tatry"]
[Date "2018.04.17"]
[Round "9"]
[White "Nadzamova, Viktoria"]
[Black "Froewis, Annika"]
[Result "0-1"]
[Board "71"]
[WhiteElo "1766"]
[WhiteTitle "WCM"]
[WhiteCountry "SVK"]
[WhiteFideId "14943999"]
[WhiteEloChange "-2"]
[BlackElo "2113"]
[BlackTitle "WFM"]
[BlackCountry "AUT"]
[BlackFideId "1621432"]
[BlackEloChange "2"]

1. e4 {[%clk 1:30:57]} e5 {[%clk 1:30:53]} 2. Nf3 {[%clk 1:31:20]} d6 {[%clk
1:31:16]} 3. d4 {[%clk 1:31:30]} exd4 {[%clk 1:31:30]} 4. Nxd4 {[%clk 1:31:53]}
Nf6 {[%clk 1:31:49]} 5. Nc3 {[%clk 1:32:16]} Be7 {[%clk 1:31:58]} 6. g3 {[%clk
1:29:30]} O-O {[%clk 1:31:41]} 7. Bg2 {[%clk 1:29:31]} Re8 {[%clk 1:31:03]} 8.
O-O {[%clk 1:29:13]} Bf8 {[%clk 1:28:08]} 9. f4 {[%clk 1:13:20]} c5 {[%clk
1:22:27]} 10. Nb3 {[%clk 1:11:11]} Nc6 {[%clk 1:19:18]} 11. Kh1 {[%clk 1:04:00]}
a5 {[%clk 1:13:52]} 12. a4 {[%clk 1:01:27]} Bg4 {[%clk 1:10:44]} 13. Qd2 {[%clk
0:25:57]} Be6 {[%clk 1:06:59]} 14. Nd5 {[%clk 0:24:50]} c4 {[%clk 0:57:11]} 15.
Nd4 {[%clk 0:23:50]} Bxd5 {[%clk 0:57:08]} 16. exd5 {[%clk 0:23:29]} Nb4 {[%clk
0:55:18]} 17. Nb5 {[%clk 0:21:25]} g6 {[%clk 0:52:07]} 18. f5 {[%clk 0:10:37]}
Bg7 {[%clk 0:49:35]} 19. fxg6 {[%clk 0:10:30]} hxg6 {[%clk 0:49:14]} 20. Nc3
{[%clk 0:07:38]} Re5 {[%clk 0:45:32]} 21. Qd1 {[%clk 0:04:59]} Qd7 {[%clk
0:43:56]} 22. Bf4 {[%clk 0:04:31]} Rh5 {[%clk 0:42:45]} 23. Bf3 {[%clk 0:03:55]}
Rh7 {[%clk 0:38:59]} 24. Nb5 {[%clk 0:03:11]} Qh3 {[%clk 0:26:32]} 25. Rf2 {[%clk
0:02:21]} Nbxd5 {[%clk 0:18:33]} 26. Nxd6 {[%clk 0:01:02]} Nxf4 {[%clk 0:16:09]}
27. gxf4 {[%clk 0:00:51]} Rd8 {[%clk 0:16:10]} 28. Rd2 {[%clk 0:00:34]} Rxd6
{[%clk 0:16:10]} 0-1

[Event "European Women's Championship"]
[Site "Vysoke Tatry"]
[Date "2018.04.17"]
[Round "9"]
[White "Serakova, Tatana"]
[Black "Trisha Kanyamarala"]
[Result "0-1"]
[Board "72"]
[WhiteElo "1633"]
[WhiteCountry "CZE"]
[WhiteFideId "377856"]
[WhiteEloChange "-2"]
[BlackElo "2031"]
[BlackCountry "IRL"]
[BlackFideId "45004722"]
[BlackEloChange "2"]

1. d4 {[%clk 1:30:57]} d5 {[%clk 1:30:43]} 2. Bf4 {[%clk 1:31:19]} e6 {[%clk
1:30:49]} 3. e3 {[%clk 1:31:37]} Nf6 {[%clk 1:30:37]} 4. Nd2 {[%clk 1:30:59]} c5
{[%clk 1:30:30]} 5. c3 {[%clk 1:30:36]} Nc6 {[%clk 1:30:38]} 6. a3 {[%clk
1:30:19]} Bd6 {[%clk 1:24:27]} 7. Bxd6 {[%clk 1:25:43]} Qxd6 {[%clk 1:24:47]} 8.
f4 {[%clk 1:25:31]} Ne7 {[%clk 1:14:39]} 9. Bd3 {[%clk 0:54:18]} Bd7 {[%clk
1:05:53]} 10. Ngf3 {[%clk 0:31:46]} Qb6 {[%clk 0:59:15]} 11. dxc5 {[%clk
0:26:44]} Qxb2 {[%clk 0:50:09]} 12. Qc1 {[%clk 0:24:00]} Qxc1+ {[%clk 0:49:47]}
13. Rxc1 {[%clk 0:24:25]} Rc8 {[%clk 0:46:12]} 14. Nb3 {[%clk 0:20:27]} O-O
{[%clk 0:36:18]} 15. O-O {[%clk 0:12:24]} Ba4 {[%clk 0:35:28]} 16. Na5 {[%clk
0:11:42]} b6 {[%clk 0:20:54]} 17. cxb6 {[%clk 0:10:03]} axb6 {[%clk 0:21:11]} 18.
Nb7 {[%clk 0:07:21]} Rc7 {[%clk 0:19:31]} 19. Nd6 {[%clk 0:05:55]} Rd8 {[%clk
0:18:52]} 20. Nb5 {[%clk 0:05:06]} Bxb5 {[%clk 0:18:47]} 21. Bxb5 {[%clk
0:05:23]} Nf5 {[%clk 0:16:30]} 22. Rfe1 {[%clk 0:04:24]} Rdc8 {[%clk 0:15:18]}
23. a4 {[%clk 0:01:26]} Rxc3 {[%clk 0:15:01]} 24. Rxc3 {[%clk 0:00:59]} Rxc3
{[%clk 0:15:24]} 25. e4 {[%clk 0:00:37]} dxe4 {[%clk 0:13:35]} 26. Rd1 {[%clk
0:00:42]} Nd5 {[%clk 0:10:58]} 27. Ng5 {[%clk 0:00:47]} e3 {[%clk 0:08:06]} 28.
Ne4 {[%clk 0:00:48]} Rc2 {[%clk 0:07:46]} 29. g3 {[%clk 0:00:37]} e2 {[%clk
0:05:43]} 30. Re1 {[%clk 0:00:42]} Nd4 {[%clk 0:05:56]} 31. Kf2 {[%clk 0:00:38]}
f5 {[%clk 0:04:56]} 32. Ng5 {[%clk 0:00:36]} Nc3 {[%clk 0:03:00]} 33. Bd3 {[%clk
0:00:33]} Nd1+ {[%clk 0:02:21]} 34. Kg2 {[%clk 0:00:31]} Rd2 {[%clk 0:02:10]} 0-1

[Event "European Women's Championship"]
[Site "Vysoke Tatry"]
[Date "2018.04.18"]
[Round "10"]
[White "Paehtz, Elisabeth"]
[Black "Gunina, Valentina"]
[Result "1/2-1/2"]
[Board "1"]
[WhiteElo "2468"]
[WhiteTitle "IM"]
[WhiteCountry "GER"]
[WhiteFideId "4641833"]
[WhiteEloChange "1"]
[BlackElo "2507"]
[BlackTitle "GM"]
[BlackCountry "RUS"]
[BlackFideId "4167570"]
[BlackEloChange "-1"]

1. e4 {[%clk 1:30:59]} c6 {[%clk 1:30:50]} 2. d4 {[%clk 1:31:25]} d5 {[%clk
1:31:15]} 3. exd5 {[%clk 1:31:53]} cxd5 {[%clk 1:31:40]} 4. Nf3 {[%clk 1:32:20]}
Nf6 {[%clk 1:30:58]} 5. c3 {[%clk 1:32:37]} Nc6 {[%clk 1:30:27]} 6. Bf4 {[%clk
1:32:59]} Bf5 {[%clk 1:29:45]} 7. Nbd2 {[%clk 1:33:15]} e6 {[%clk 1:29:31]} 8.
Qb3 {[%clk 1:33:41]} Qc8 {[%clk 1:29:53]} 9. Nh4 {[%clk 1:34:07]} Be4 {[%clk
1:30:04]} 10. Nxe4 {[%clk 1:34:28]} dxe4 {[%clk 1:30:29]} 11. g3 {[%clk 1:34:38]}
Be7 {[%clk 1:30:16]} 12. Ng2 {[%clk 1:32:36]} O-O {[%clk 1:27:52]} 13. Be2 {[%clk
1:30:00]} Nd5 {[%clk 1:27:36]} 14. Bd2 {[%clk 1:30:10]} f5 {[%clk 1:13:40]} 15.
f3 {[%clk 1:13:04]} Kh8 {[%clk 1:07:31]} 16. O-O {[%clk 1:10:31]} Nf6 {[%clk
1:06:13]} 17. Bf4 {[%clk 0:48:11]} Qd7 {[%clk 0:58:25]} 18. Rad1 {[%clk 0:44:37]}
Rad8 {[%clk 0:57:30]} 19. fxe4 {[%clk 0:34:42]} Nxe4 {[%clk 0:57:55]} 20. Bf3
{[%clk 0:34:56]} Ng5 {[%clk 0:24:23]} 21. Bxg5 {[%clk 0:33:35]} Bxg5 {[%clk
0:24:51]} 22. Rde1 {[%clk 0:32:46]} Rde8 {[%clk 0:22:38]} 23. Bxc6 {[%clk
0:30:29]} Qxc6 {[%clk 0:22:00]} 24. Rf2 {[%clk 0:22:27]} e5 {[%clk 0:18:50]} 25.
dxe5 {[%clk 0:22:32]} Bd8 {[%clk 0:19:16]} 26. Kh1 {[%clk 0:21:19]} Bb6 {[%clk
0:17:25]} 27. Rff1 {[%clk 0:21:33]} Re6 {[%clk 0:13:42]} 28. Qc2 {[%clk 0:20:12]}
g6 {[%clk 0:14:04]} 29. Re2 {[%clk 0:15:32]} Rfe8 {[%clk 0:11:53]} 30. Qd2 {[%clk
0:13:32]} Rxe5 {[%clk 0:11:00]} 31. Rxe5 {[%clk 0:13:40]} Rxe5 {[%clk 0:11:29]}
32. h4 {[%clk 0:12:14]} Qc4 {[%clk 0:09:23]} 33. Re1 {[%clk 0:11:17]} Rxe1+
{[%clk 0:05:49]} 34. Qxe1 {[%clk 0:11:39]} Qxa2 {[%clk 0:02:24]} 35. Nf4 {[%clk
0:09:09]} Qa4 {[%clk 0:01:35]} 36. Qe5+ {[%clk 0:08:57]} Kg8 {[%clk 0:02:04]} 37.
Qe6+ {[%clk 0:07:26]} Kf8 {[%clk 0:01:37]} 38. Qf6+ {[%clk 0:06:44]} Kg8 {[%clk
0:02:06]} 39. Qe6+ {[%clk 0:07:06]} Kf8 {[%clk 0:02:29]} 40. Qf6+ {[%clk
0:35:07]} Kg8 {[%clk 0:32:43]} 1/2-1/2